Draft guidelines : "The law, litter and advertising material" ; Printers and newspapers Act 1958, sections 8, 10 and 25A.

Saved in:
Bibliographic Details
Corporate Authors: Victoria. Environment Protection Authority, Victoria
Format: Book
Language:English
Published: Melbourne : Environment Protection Authority, [1993].
Series:Publication (Victoria. Environment Protection Authority) ; 353.
Information bulletin
Subjects:
LEADER 01451cam a2200361 a 4500
001 c000396586
003 CARM
005 20140311145820.0
008 140311s1993 vra 000 0 eng d
019 1 |a 9883317  |5 LACONCORD2021 
035 |a (OCoLC)221181417  |5 LACONCORD2021 
040 |a VEPA  |b eng  |c VEPA  |d VVUT 
042 |a anuc 
082 0 4 |a 363.728809945  |2 23 
245 0 0 |a Draft guidelines :  |b "The law, litter and advertising material" ; Printers and newspapers Act 1958, sections 8, 10 and 25A. 
260 |a Melbourne :  |b Environment Protection Authority,  |c [1993]. 
300 |a [2] p. ;  |c 30 cm. 
490 1 |a Publication ;  |v 353 
490 1 |a Information bulletin ;  |v 353 
500 |a "February 1993" 
650 0 |a Litter (Trash)  |x Law and legislation  |z Victoria. 
650 0 |a Advertising fliers  |z Victoria. 
650 0 |a Bill posting  |z Victoria. 
650 0 |a Advertising laws. 
710 1 |a Victoria.  |b Environment Protection Authority 
710 1 |a Victoria.  |t Printers and Newspapers Act 1958. 
852 8 |b CARM  |p 0601373  |f BK 
852 8 |b SCAN  |h A3:AH18D0  |i F08783  |p 0601373  |f BK 
830 0 |a Publication (Victoria. Environment Protection Authority) ;  |v 353. 
830 0 |a Information bulletin 
999 f f |i 8f12046b-ac0b-5f32-aae5-a7ee5e9adfd5  |s bdc8ae5d-5dc1-5260-9c02-af1f0f01be9d 
952 f f |p Can circulate  |a CAVAL  |b CAVAL  |c CAVAL  |d CARM 1 Store  |i book  |m 0601373 
952 f f |a CAVAL  |b CAVAL  |c CAVAL  |d Unmapped Location  |e F08783  |f A3:AH18D0  |h Other scheme